000 00657cab a2200229 4500
001 ABS58022
008 090401t1997 xxu||||| |||| 00| 0 eng d
035 _a(Sirsi) u82849
041 _aeng
245 _aCost model: Office fit-outs
260 _c1997
350 _a0
490 _aBuilding
_v262(8020) 19 December 1997, 42-49(8)
520 _aExamines office fit-out costs, design issues, scope of works, programmes and procurement.
650 _aBUILT ENVIRONMENT-BUILDING COSTS
650 _aFITTING-OUT
650 _aOFFICE DESIGN
650 _aOFFICES
690 _aBUILT ENVIRONMENT-BUILDING COSTS
942 _n0
948 _c22/12/1997
999 _c52321
_d52321